Regulador automático de velocidad para una turbina banki
Tallennettuna:
| Päätekijä: | |
|---|---|
| Aineistotyyppi: | Kirja |
| Kieli: | Spanish |
| Julkaistu: |
[San José , Costa Rica]
1975
|
| Aiheet: | |
| Tagit: |
Lisää tagi
Ei tageja, Lisää ensimmäinen tagi!
|
MARC
| LEADER | 00000nam a2200000Ia 4500 | ||
|---|---|---|---|
| 003 | 002346 | ||
| 005 | 20221231144004.0 | ||
| 008 | 140114s1975 cr a 000 ||spa d | ||
| 040 | |c cru CEDI | ||
| 090 | |a TFG 77 | ||
| 100 | |a Cespedes R., Arturo |9 21465 | ||
| 245 | |a Regulador automático de velocidad para una turbina banki | ||
| 260 | |a [San José , Costa Rica] |c 1975 | ||
| 300 | |a 100 páginas :ilustraciones | ||
| 500 | |a Proyecto de graduación (bachillerato en ingeniería mecánica)--Universidad de Costa Rica. Facultad de Ingeniería. Escuela de Ingeniería Mecánica, | ||
| 650 | |x TURBINAS |9 21466 | ||
| 942 | |c TFG | ||
| 999 | |c 15236 |d 15236 | ||
